[Event "AUT-ch U16 Online Blitz"]
[Site "Playchess.com INT"]
[Date "2020.12.11"]
[Round "6"]
[White "Jungwirth, Patrik"]
[Black "Kriha, Fabian"]
[Result "1/2-1/2"]
[WhiteElo "1375"]
[BlackElo "1620"]
[PlyCount "65"]
[EventDate "2020.12.11"]
[EventType "swiss (blitz)"]
[EventRounds "7"]
[EventCountry "AUT"]
[SourceTitle "EXT 2022"]
[Source "ChessBase"]
[SourceDate "2021.10.06"]
[SourceVersion "1"]
[SourceVersionDate "2021.10.06"]
[SourceQuality "1"]

1. e4 b6 2. Nc3 Bb7 3. Nf3 e6 4. d4 Bb4 5. Bd2 Bxc3 6. Bxc3 Bxe4 7. Qe2 Bxf3 8. Qxf3 d5 9. Bb5+ Nd7 10. Bc6 Rc8 11. Bb7 Rb8 12. Bc6 Ngf6 13. 0-0 0-0 14. Bb4 Re8 15. a3 a5 16. Bd2 Ne4 17. Bf4 Rf8 18. b4 Qe7 19. bxa5 bxa5 20. a4 Rb6 21. Bxd7 Qxd7 22. Qg4 Nf6 23. Qf3 Rc8 24. Be5 Qe7 25. Rfc1 h6 26. c4 Rb4 27. cxd5 Nxd5 28. Qg4 Qg5 29. Qf3 Kf8 30. Kh1 Kg8 31. Kg1 Qg6 32. Kf1 Qg5 33. Kg1 1/2-1/2

[Event "AUT-ch U16 Online Blitz"]
[Site "Playchess.com INT"]
[Date "2020.12.11"]
[Round "2"]
[White "Kriha, Fabian"]
[Black "Cafasso, Elia"]
[Result "0-1"]
[WhiteElo "1620"]
[BlackElo "1895"]
[PlyCount "98"]
[EventDate "2020.12.11"]
[EventType "swiss (blitz)"]
[EventRounds "7"]
[EventCountry "AUT"]
[SourceTitle "EXT 2022"]
[Source "ChessBase"]
[SourceDate "2021.10.06"]
[SourceVersion "1"]
[SourceVersionDate "2021.10.06"]
[SourceQuality "1"]

1. e4 Nf6 2. e5 Nd5 3. c4 Nb6 4. d4 d6 5. f4 g6 6. Nf3 Bg7 7. Nc3 dxe5 8. fxe5 Nc6 9. Bf4 Bg4 10. d5 Nxe5 11. Be2 Nxf3+ 12. Bxf3 Bxf3 13. gxf3 Qd7 14. c5 Bxc3+ 15. bxc3 Nxd5 16. Bg3 Nxc3 17. Qxd7+ Kxd7 18. 0-0 Ne2+ 19. Kg2 Nxg3 20. hxg3 e6 21. Rfd1+ Ke7 22. Rab1 b6 23. cxb6 axb6 24. Ra1 Ra7 25. Rdc1 Rha8 26. Rc2 c5 27. Rb2 h5 28. Kf2 b5 29. Rxb5 Rxa2+ 30. Rxa2 Rxa2+ 31. Ke3 Rc2 32. Rb7+ Kf6 33. Kd3 Rg2 34. g4 hxg4 35. fxg4 Rxg4 36. Rc7 c4+ 37. Kc3 e5 38. Rc6+ Kf5 39. Rc7 f6 40. Rc6 Rd4 41. Rc5 g5 42. Rc6 g4 43. Rxc4 Rxc4+ 44. Kxc4 Kf4 45. Kd3 e4+ 46. Ke2 e3 47. Kf1 Kf3 48. Ke1 e2 49. Kd2 Kf2 0-1

[Event "AUT-ch U16 Online Blitz"]
[Site "Playchess.com INT"]
[Date "2020.12.11"]
[Round "1"]
[White "Tumanyan, Gor"]
[Black "Kriha, Fabian"]
[Result "1-0"]
[WhiteElo "1746"]
[BlackElo "1620"]
[PlyCount "85"]
[EventDate "2020.12.11"]
[EventType "swiss (blitz)"]
[EventRounds "7"]
[EventCountry "AUT"]
[SourceTitle "EXT 2022"]
[Source "ChessBase"]
[SourceDate "2021.10.06"]
[SourceVersion "1"]
[SourceVersionDate "2021.10.06"]
[SourceQuality "1"]

1. e4 b6 2. Nf3 Bb7 3. Nc3 e6 4. b3 Bb4 5. Bb2 Nf6 6. d3 d6 7. Be2 Nbd7 8. 0-0 Bxc3 9. Bxc3 0-0 10. Nd2 Rc8 11. Re1 Re8 12. Bf3 a5 13. Nf1 h6 14. Ng3 Qe7 15. Qd2 Qd8 16. Rad1 Ra8 17. d4 a4 18. b4 a3 19. d5 exd5 20. exd5 Rxe1+ 21. Rxe1 c5 22. b5 Rb8 23. Nf5 Ra8 24. Nxd6 Nf8 25. Nxb7 Qc7 26. d6 Qd7 27. Bc6 Qc8 28. d7 Qc7 29. Be5 Qxb7 30. Bxb7 Rd8 31. Bc6 N6xd7 32. Bxd7 Rxd7 33. Qc3 Re7 34. Bd6 Rxe1+ 35. Qxe1 Ng6 36. f4 Kh7 37. f5 Nh8 38. Qe4 c4 39. f6+ g6 40. h4 h5 41. Qe8 Kh6 42. Qf8+ Kh7 43. Qg7# 1-0